书目信息 |
| 题名: |
郑和予颠覆:大众文化的辩证法
|
|
| 作者: | 赵勇 | |
| 分册: | ||
| 出版信息: | 北京 北京大学 2005 |
|
| 页数: | 368页 | |
| 开本: | 19cm | |
| 丛书名: | 文艺学与文化研究丛书 | |
| 单 册: | ||
| 中图分类: | G02 | |
| 科图分类: | ||
| 主题词: | 文化哲学 | |
| 电子资源: | ||
| ISBN: | 7-301-08908-2 | |
| 000 | 00723nam0 2200217 450 | |
| 001 | 0753865015 | |
| 005 | 20070818145745.01 | |
| 010 | @a7-301-08908-2@d¥32.00 | |
| 100 | @a20070818d km y0chiy0120 ea | |
| 101 | 0 | @achi |
| 200 | 1 | @a郑和予颠覆:大众文化的辩证法@Azheng he yu dian fu:da zhong wen hua de bian zheng fa@e法兰克福学派的大众文化理论@f赵勇@Fzhao yong |
| 210 | @a北京@c北京大学@d2005 | |
| 215 | @a368页@d19cm | |
| 225 | 2 | @a文艺学与文化研究丛书 |
| 410 | 0 | @12001 @a文艺学与文化研究丛书 |
| 517 | 1 | @a法兰克福学派的大众文化理论@Afa lan ke fu xue pai de da zhong wen hua li lun |
| 606 | 0 | @a文化哲学 |
| 690 | @aG02@v3 | |
| 701 | 0 | @a赵勇@Azhao yong |
| 801 | 0 | @aCN@bPFT@c20070818 |
| 905 | @a213230@dG02@ee29@f1 | |
| 郑和予颠覆:大众文化的辩证法:法兰克福学派的大众文化理论/赵勇.-北京:北京大学,2005 |
| 368页;19cm.-(文艺学与文化研究丛书) |
| ISBN 7-301-08908-2:¥32.00 |
| ● |
| 相关链接 |
|
|
|
|
正题名:郑和予颠覆:大众文化的辩证法
索取号:G02/e29
 
预约/预借
| 序号 | 登录号 | 条形码 | 馆藏地/架位号 | 状态 | 备注 |
| 1 | 6304093 | 263040934 | 教育系资料室/ [索取号:G02/e29] | 在馆 | |
| 2 | 6304094 | 263040943 | 教育系资料室/ [索取号:G02/e29] | 在馆 |